000 00579nam a2200169Ia 4500
008 090124s9999 xx 000 0 und d
082 _b26740
100 _aव्यवहारे शरद
245 _a" लोकवाङमय रूप - स्वरूप"""
250 _a1
260 _c1991
600 _aव्यवहारे शरद
630 _a" लोकवाङमय रूप - स्वरूप"""
700 _aव्यवहारे शरद
730 _a" लोकवाङमय रूप - स्वरूप"""
942 _cBOOK
999 _c140212
_d140212